000 00456nam a2200169Ia 4500
003 GCL
008 140319s9999 xx 000 0 ara d
040 _aGCL /
_cGCL
082 0 4 _a809
_bم م
100 1 _aمحمد غنيمى هلال
245 1 0 _aالمواقف الادبية /
_cمحمد غنيمى هلال
300 _a93
490 _aكتاب
_v0
650 0 4 _aالادب العربى
650 0 4 _aالادب المقارن
942 _2ddc
_cBK
999 _c42538
_d42538